Eurovision 2018 scoreboard - Statistics

General Stats
  • This quiz has been taken 235 times
  • The average score is 17 of 26
Answer Stats
Rank Points Answer % Correct
1 529 Israel
100%
2 436 Cyprus
96%
3 342 Austria
89%
4 340 Germany
85%
5 308 Italy
80%
26 39 Portugal
75%
7 274 Sweden
75%
24 48 United Kingdom
73%
23 61 Spain
70%
6 281 Czech Republic
69%
13 173 France
69%
8 245 Estonia
68%
9 226 Denmark
65%
10 209 Moldova
64%
25 46 Finland
63%
11 184 Albania
60%
12 181 Lithuania
60%
14 166 Bulgaria
58%
15 144 Norway
58%
17 130 Ukraine
57%
22 64 Slovenia
54%
19 113 Serbia
51%
16 136 Ireland
50%
20 99 Australia
49%
21 93 HUngary
48%
18 121 The Netherlands
30%
No matching quizzes found
Score Distribution
Percent of People with Each Score
Percentile by Number Answered
Your Score History
You have not taken this quiz